| 000 | 00637cam a22002173a 4500 | ||
|---|---|---|---|
| 001 | 23745 | ||
| 003 | BD-RjUL | ||
| 005 | 20211209000951.0 | ||
| 008 | 140311s1937 xx 00| 0 und d | ||
| 035 | _a(BD-RjUL)23810 | ||
| 040 |
_aEQO _cEQO _beng _dBD-RjUL |
||
| 041 | _aeng | ||
| 082 |
_a932 _bBRH |
||
| 100 | 1 |
_aBreasted, James Henry, _d1865-1935. _958503 |
|
| 245 | 1 | 2 |
_aA history of Egypt from the earliest times to the Persian conquest / _c James Henry,Breasted |
| 250 | _a2nd ed., revised | ||
| 260 |
_aLondon : _bCharles science sons, _c1937. |
||
| 300 |
_axv, 634 p. ; _c23cm. |
||
| 504 | _aIncludes index. | ||
| 942 |
_2ddc _cBK |
||
| 999 |
_c23745 _d23745 |
||